Normal view MARC view
  • Romier, Lucien,

Entry Nombre Personal

Number of records used in: 1

001 - NUMERO DE CONTROL

  • campo de control: 51699

003 - IDENTIFICADOR DE NUMERO DE CONTROL

  • campo de control: DLC

005 - FECHA Y HORA DE LA ÜLTIMA TRANSACCIÓN

  • campo de control: 20240423134228.0

008 - DATOS DE LONGITUD FIJA

  • campo de control de longitud fija: 840203n| acannaabn |n aaa c

010 ## - NÚMERO DE CONTROL DE LA BIBLIOTECA DEL CONGRESO

  • Número de control LC: n 83800674

035 ## - NUMERO DE CONTROL

  • Número de control: (OCoLC)oca01054247

040 ## - FUENTE DE CATALOGACIÓN

  • Agencia original de catalogación: MH
  • Lenguaje de catalogación: spa
  • Agencia de transcripción: MH
  • Agencia que lo modifica: OCoLC
  • Agencia que lo modifica: MX-MxUPN

100 1# - ENCABEZAMIENTO - NOMBRE PERSONAL

  • Nombre personal: Romier, Lucien,
  • Fechas asociadas con el nombre: 1885-1944

670 ## - FUENTE EN LA QUE SE LOCALIZARON DATOS

  • Cita de la fuente: Roussel, C. Lucien Romier (1885-1944), c1979:
  • Información localizada: portada (Lucien Romier, 1885-1944)

670 ## - FUENTE EN LA QUE SE LOCALIZARON DATOS

  • Cita de la fuente: LC data base, 1-18-84
  • Información localizada: (hdg.: Romier, Lucien, 1885-1944)

670 ## - FUENTE EN LA QUE SE LOCALIZARON DATOS

  • Cita de la fuente: Promotion de la femme, 1930:
  • Información localizada: portada (Lucien Romier)

902 ## - CATALOGADOR

  • Catalogador: Víctor Ruiz/230424